000
00264nam a2200109Ia 4500
008
240625s9999 xx 000 0 und d
041
_a
eng
082
_a
346.07 MEH
100
_a
MEHTA HITENDER
245
_a
LAW AND PRACTICE RELATING TO SPECIAL ECO
260
_c
2008
999
_c
33905
_d
33905